01158nas a2200265Ia 4500001001100000003000900011008004100020040001300061040001300074041001300087100004500100210001700145222001700162245006400179250001100243260002900254501008600283300001700369362003300386500019600419650003600615942000700651999001900658952021500677R035/44084IT-RoPAU151124c99999999xx |||||||||||| ||und|| aIT-RoPAU cIT-RoPAU aITALIANO aCastelli PaologCodice Aut. SPICS: 8305 aSEGNO CINEMA aSegno Cinema aSEGNO CINEMA, ANNO 02-N.04 (GIUGNO 1982)bOltre Lo Specchio a1a ed. aVICENZAbCINEFORUMc1982 bPaulus - SPICS - Società San Paolo EM (non-commercial uses only)cCopyright2015 a4 p. [42-45] aANNO 002, N.04 (GIUGNO 1982) aNote Sul Iv Incontro Internazionale Cinema Delle Donne. Seguono Note Sullarassegna Cinematografica Dedicata al Cinema Delle Registe Tedesche Svoltasia Bologna: Riflessioni di Luisa De Martin. aCINEMAvPUBBLICAZIONE PERIODICA cCR c111786d111786 0010406R_035_44084000000000071aSPICSbSPICSd2015-11-25l0oR035/44084r2015-11-25 00:00:00w2015-11-25yCRzProgr. Ins: 35798 / Copia rara: NO / date import: 25.11.2015 / By Epidotti, Trombetti, Vaglietti